An anthology of Iranian studies [literature & mysticism, art & archaeology, society & history, history of science & technology, people & land] [5]

Bibliographic Details
Corporate Author: Organization for Islamic Culture and Communications Deputy of Research and Education Center for Cultural-International Studies (ini)
Format: Book
Language:English
PhysicalDescription:228 s. ilustr. 24 cm
Published: Tehran Al-Huda International Publisher 2001
Edition:[1st ed.]
Subjects:

MARC

LEADER 00000nam a2200000 a 4500
001 vtls001467999
003 SK-MaSNL
005 20260301121913.0
008 040209s2001 IR ac 0 eng
035 |a SNK000423304 
040 |a SNK  |b slo  |c SNK  |e AACR2 
043 |a a-ir--- 
044 |a IR 
072 7 |a 913(5)  |x Geografia Ázie, reálie, cestovanie  |2 konspekt 
080 |a 316.72/.75  |2 1981 
080 |a 908(55)  |2 1981 
080 |a 80(=22)+908(55)  |2 1981 
080 |a (082)  |2 1981 
245 1 |a An anthology of Iranian studies  |b [literature & mysticism, art & archaeology, society & history, history of science & technology, people & land]  |n [5] 
250 |a [1st ed.] 
260 |a Tehran  |b Al-Huda International Publisher  |c 2001 
300 |a 228 s.  |b ilustr.  |c 24 cm 
500 |a Nad názvom: Organization for Islamic Culture and Communications, Deputy of Research and Education, Center for Cultural-International Studies 
500 |a Súbež. názov a text arab. 
500 |a Zvratmo tlačené texty majú vlastné stránkovanie 
650 0 7 |a iranistika  |2 SNK  |9 195570 
651 7 |a Irán  |2 SNK  |9 21370 
655 7 |a zbierky  |2 SNK  |9 70533 
655 7 |a zborníky  |2 SNK  |9 70165 
710 0 |a Organization for Islamic Culture and Communications  |b Deputy of Research and Education  |b Center for Cultural-International Studies  |4 ini  |9 425940 
999 |c 730989  |d 732919 
952 |t P60, <04>, [BOOK], {604}  |a SNK  |b SNK  |y VYP  |7 0  |p 17A0426039  |o snkIC 131347/5  |i snkV 693/2004  |g 6.64  |0 0  |1 0  |4 0  |d 2004-02-09  |l 0  |r 2005-01-02 00:00:00  |w 2026-02-23